Komparatívna analýza výdavkov na vedu a výskum vo vybraných krajinách diplomová práca

Saved in:
Bibliographic Details
Main Author: Szombat, Tomáš
Corporate Author: Národohospodárska fakulta EU. Katedra hospodárskej politiky
Other Authors: Pobudová, Daniela, 1982-
Format: Book
Language:Slovak
Published: Bratislava 2018
Tags: Add Tag
No Tags, Be the first to tag this record!

MARC

LEADER 00000nbm a2200000 4500
001 0244186
005 20200617101858.8
041 0 |a slo 
044 |a SK 
245 1 0 |a Komparatívna analýza výdavkov na vedu a výskum vo vybraných krajinách  |b diplomová práca  |c Tomáš Szombat ; školiteľ: Daniela Pobudová 
264 1 |a Bratislava  |c 2018 
300 |a 67 s. 
100 1 |a Szombat, Tomáš 
700 1 |a Pobudová, Daniela, 1982- 
710 2 |a Národohospodárska fakulta EU. Katedra hospodárskej politiky